000 01237nam a22002297a 4500
999 _c21133
_d21133
003 AR-CdUCM
008 190227b ||||| |||| 00| 0 spa d
040 _aMUNICIPALIDAD PROVINCIAL DEL CUSCO
_cBIBLIOTECA MUNICIPAL DEL CUSCO
082 _a985.613 / L72
_bL72
100 _aLlacolla Huallparimachi, Justino Wiler
_944099
245 _aAnta historia costumbre y folklore /
_cJustino Wiler Llacolla Huallparimachi
260 _aCusco :
_bMunicipalidad Provincial de Anta,
_c2017.
300 _a306 páginas ;
_bilustraciones en color,
_c22 cm.
505 _aContenido: Batallas en el valle de Jaquijahuana o Xaquixaguana -- Personalidades de la Provincia de Anta -- Vestimenta del poblador del valle de Jaquijahuana Anta -- Los Ayllus y comunidades campesinas y su riqueza -- Visita de personalidades a la Provincia de Anta -- Patrimonio cultural inmaterial y arte popular folklore en Anta -- Tradición y folklore vivo en la provincia de Anta -- Gastronomía de Anta.
650 _aHistoria de Anta
_944101
650 _aHistoriografía cusqueña
_944102
650 _aHistoria popular
_92638
700 _aGranada Machaca, Jimmy
_944103
710 _aMunicipalidad Provincial de Anta
_944100
942 _2ddc
_cLIBROS
945 _aRoel